Đảm bảo an ninh con người Việt Nam trong bối cảnh toàn cầu hóa và hội nhập quốc tế : (Sách chuyên khảo)

Nội dung sách giới thiệu cơ sở lý luận và thực tiễn về an ninh con người trong bối cảnh toàn cầu hóa. Cơ sở thực tiễn về đảm bảo an ninh con người trong bối canh toàn cầu hóa và hội nhập quốc tế. Các thực trạng đảm bảo an ninh con ngư...

Cijeli opis

Spremljeno u:
Bibliografski detalji
Glavni autor: Đặng, Xuân Thanh
Format: Knjiga
Jezik:Undetermined
Izdano: Hà Nội Khoa học Xã hội 2016
Teme:
Oznake: Dodaj oznaku
Bez oznaka, Budi prvi tko označuje ovaj zapis!
Thư viện lưu trữ: Trung tâm Học liệu Trường Đại học Cần Thơ
LEADER 01548nam a2200229Ia 4500
001 CTU_225268
008 210402s9999 xx 000 0 und d
082 |a 323.3223 
082 |b Th107 
100 |a Đặng, Xuân Thanh 
245 0 |a Đảm bảo an ninh con người Việt Nam trong bối cảnh toàn cầu hóa và hội nhập quốc tế : 
245 0 |b (Sách chuyên khảo) 
245 0 |c Đặng Xuân Thanh, Đào Thị Minh Hương (đồng chủ biên) 
260 |a Hà Nội 
260 |b Khoa học Xã hội 
260 |c 2016 
520 |a Nội dung sách giới thiệu cơ sở lý luận và thực tiễn về an ninh con người trong bối cảnh toàn cầu hóa. Cơ sở thực tiễn về đảm bảo an ninh con người trong bối canh toàn cầu hóa và hội nhập quốc tế. Các thực trạng đảm bảo an ninh con người ở Việt Nam như: đảm bảo an ninh lương thực, sức khỏe, môi trường, công đồng, chính trị, cá nhân và chỉ số an ninh con người tại Việt Nam 
650 |a Các giải pháp an ninh quốc tế,Hệ thống an ninh,Security solutions International,Security systems,Security systems,Security systems,Security systems 
650 |x Quản trị,Management,Management,Management,Management 
904 |i Qhieu 
910 |b dqhieu 
980 |a Trung tâm Học liệu Trường Đại học Cần Thơ